Diferenciální diagnostika /

Hlavní autor: Kábrt, Jan, 1951-
Další autoři: Herle, Petr
Jazyk: Čeština
Vydáno: Praha : Raabe, [2012]-
Edice: Nahlížet - nacházet
Témata:
Fyzický popis: ^^^svazků (na volných listech) ; 23 cm
Odebírané svazky: základní dílo (únor 2012)-10. aktualizace (prosinec 2014)-
Zákony a jiné
Uloženo v:
LEADER 02197nai a2200517 i 4500
001 nkc20122366794
003 CZ PrNK
005 20151127074922.0
007 td
008 120503c20129999xr qr ff 0 b2cze
015 |a cnb002366794 
022 |a 1805-2622 
035 |a (OCoLC)796019847 
040 |a ABA001  |b cze  |e rda 
072 7 |a 616  |x Patologie. Klinická medicína  |2 Konspekt  |9 14 
080 |a 616-079.4  |2 MRF 
080 |a (035)  |2 MRF 
100 1 |a Kábrt, Jan,  |d 1951-  |7 nlk19990073467  |4 aut 
210 1 |a Difer. diagn. 
222 0 |a Diferenciální diagnostika 
245 1 0 |a Diferenciální diagnostika /  |c editor: Petr Herle ; hlavní autor: Jan Kábrt 
264 1 |a Praha :  |b Raabe,  |c [2012]- 
264 4 |c ©2012 
300 |a ^^^svazků (na volných listech) ;  |c 23 cm 
310 |a Aktualizováno čtvrtletně 
336 |a text  |b txt  |2 rdacontent 
337 |a bez média  |b n  |2 rdamedia 
338 |a svazek  |b nc  |2 rdacarrier 
490 1 |a Nahlížet - nacházet 
541 |c pv-a 
500 |a Základní dílo s pořadačem číslo 1, základní dílo včetně 7. aktualizace (září 2013) s pořadačem číslo 2 
588 |a Popsáno podle: základní dílo (únor 2012) včetně 10. aktualizace (prosinec 2014)  |5 CZ-PrNK 
650 0 7 |a diferenciální diagnostika  |7 ph134758  |2 czenas 
650 0 9 |a differential diagnostics  |2 eczenas 
655 7 |a příručky  |7 fd133209  |2 czenas 
655 9 |a handbooks and manuals  |2 eczenas 
700 1 |a Herle, Petr  |7 xx0073980  |4 edt 
830 0 |a Nahlížet - nacházet  |0 s 
910 2 |a BOA001  |b 04393-1284.217  |s základní dílo (únor 2012)-10. aktualizace (prosinec 2014)- 
920 |a 001249183 
928 9 |a Josef Raabe 
928 9 |a Dr.Josef Raabe s.r.o. 
990 |a SE 
995 |a 01 
996 6 |b 2610520873  |c 04393-1284.217  |d 2012 zákl.dílo + akt. 1-10-, sv. 1  |v 2012  |i 1  |y 2012  |l Stud. periodik/2.patro  |r Sklad / do 1 hodiny  |n 6  |p p.v.; zákl. dílo, ; akt.10-/1501  |w 001283254  |u 000010  |a 1  |e BOA001  |j MZK50  |s P 
996 6 |b 2610594355  |c 04393-1284.217  |d 2012 zákl.dílo + akt. 1-10-, sv. 2  |v 2012  |i 2  |y 2012  |l Stud. periodik/2.patro  |r Sklad / do 1 hodiny  |n 0  |p p.v.; zákl. dílo, ; akt.10-/1501  |w 001283254  |u 000020  |a 1  |e BOA001  |j MZK50  |s P